000 00704nam a2200229 i 4500
001 7303
003 BD-RjUL
005 20211208234408.0
008 130114r19671953e 00100 eng d
035 _a(BD-RjUL)7346
040 _aBD-RjUL
_beng
_cBD-RjUL
_dBD-RjUL
041 _aeng
082 _a429.5
_bSWS 1967
100 1 0 _aSweet, Henry,
_d1845-1912.
_919507
245 1 0 _aSweet's Anglo-Saxon primer /
_crevised throughout by Norman Davis.
250 _a9th ed.
260 0 _aOxford :
_bClarendon Press,
_c1953 [prented 1967]
300 _avi, 129 p. ;
_c17 cm.
650 0 _aEnglish language
_yOld English, ca. 450-1100
_xGrammar.
_922813
700 1 0 _aDavis, Norman,
_d1913-
_922814
942 _2ddc
_cBK
999 _c7303
_d7303